000 00369nam a2200121 4500
999 _c10705
_d10705
008 180918b ||||| |||| 00| 0 eng d
100 _931236
_aPorcalla, Delon
245 _aHouse to pass death penalty bill before Christmas break/
_cDelon Porcalla
260 _aPhilippines
_bThe Philippine Star
_cc2016
300 _apage 5.
650 0 _937125
_aLaw.
942 _2ddc
_cPER